000 00966nam a22002417a 4500
003 BD-DhSAU
005 20211003110618.0
008 210929b |||||||| |||| 00| 0 eng d
040 _aBD-DhSAU
082 _222
_a338.1
_bK115
100 _aKADER, MD. ABDUL
_eRegistration No.:# 11-04561
245 _aProfitability and resource use efficiency of tomato production in some selected areas of cumilla district in bangladesh /
_bMs Thesis
260 _aSher-e-bangla Agricultural University Dhaka 1207;
_bDepartment of Agricultural Economics;
_c2018;
300 _avii;
_b55p.;
_c30cm.;
500 _aIncluding Index.;
590 _anazmul
600 _qtomato production
610 _acumilla district in bangladesh
700 _aProf. Dr. Rokeya Begum
_eSupervisor
710 _aDr. A. S. M. Anwarul Huq
_eCo-Supervisor
856 _yOnline Access
_uhttp://archive.saulibrary.edu.bd:8080/xmlui/handle/123456789/3412
942 _2ddc
_cTHESIS
999 _c15472
_d15471